000 00518nam a2200169 4500
001 140058
003 ES-MaACL
005 20230906200007.0
007 t|
008 070214s1959 sp r ||||1| spa d
100 1 _aSchreyer, Lothar.
_9104704
245 1 0 _aInés y los hijos de la loba /
_cLothar Schreyer ; traducción de José María Balil Giró.
260 _aBarcelona :
_bHerder,
_c1959.
300 _a336 p. ;
_c19 cm.
700 1 _aBalil Giró, José María.
_924940
852 _aES-MaACL
_jC-18699
_bR.46501
999 _c140058
_d140058